00370nam a2200109Ia 4500008004100000082000800041100006800049245002300117942000600140952009900146999001500245240331s9999 xx 000 0 und d bCEN aCenter for Policy Alternatives and the Forum of Federations. ed 4aThe federal iIdea  cL 001040708LaWERCLbWERCLcSSCd2024-03-31l0o 342.042 CENp5947r2024-03-31w2024-03-31yL c3953d3953